000 00350nam a2200157Ia 4500
005 20250603145929.0
008 250603s9999 xx 000 0 und d
020 _a0-385-47294-3
050 _aPS3557.R5355 R8
100 _ajohn grisham
245 4 _athe runaway jury
260 _bdoubleday
260 _c1996
300 _a401 p
942 _cBK
999 _c43278
_d43278